000 00291nam a22001217a 4500
008 180917b xxu||||| |||| 00| 0 eng d
041 _aeng
080 _23 ED
_a575
100 _a5
101 _aBIO
245 _aBiochemistry A case Oriented Approach
_cDryer.R.L
942 _2udc
_cBK
999 _c47858
_d47858